La doble moral de las organizaciones : los sistemas perversos y la corrupción institucionalizada /

Guardado en:
Autor Principal: Etkin, Jorge R.
Formato: Libro
Idioma:Spanish
Publicado: Madrid : McGraw-Hill, c1993.
Materias:
Etiquetas: Agregar Etiqueta
Sin Etiquetas, Sea el primero en etiquetar este registro!
LEADER 01084nam a22002535a 4500
001 EAD.ead000132
008 930909s1993####sp#######b####001#0#spa##
005 20171113132235.0
245 1 3 |a La doble moral de las organizaciones :  |b los sistemas perversos y la corrupción institucionalizada /  |c Jorge Ricardo Etkin. 
260 |a Madrid :  |b McGraw-Hill,  |c c1993. 
300 |a XXIV, 328 p. ;  |c 24 cm. 
504 |a Incluye referencias bibliográficas (p. 319-324) e índice. 
020 |a 8448101456 
100 1 0 |a Etkin, Jorge R.  |q (Jorge Ricardo) 
082 0 4 |a 174.4  |2 21 
650 0 7 |a Ética social.  |2 unbist 
650 0 7 |a Cultura empresarial.  |2 isoc 
019 |a M 21970-1993 
040 |a M-BN  |b spa  |c M-BN 
859 |a AR-BaBDC  |b BIB. ADMINISTRACION - Libros  |h 174.4  |i Et46  |p b03228 
859 |a AR-BaBDC  |b BIB. ADMINISTRACION - Libros  |h 174.4  |i Et46  |p b03229  |t Ej.2 
859 |a AR-BaBDC  |b BIB. ADMINISTRACION - Libros  |h 174.4  |i Et46  |p b03230  |t Ej.3 
859 |a AR-BaBDC  |b BIB. ADMINISTRACION - Libros  |h 174.4  |i Et46  |p b03231  |t Ej.4 
859 |a AR-BaBDC  |b BIB. ADMINISTRACION - Libros  |h 174.4  |i Et46  |p b03232  |t Ej.5